| 000 | 00514nam a22001937a 4500 | ||
|---|---|---|---|
| 003 | OSt | ||
| 005 | 20180419181636.0 | ||
| 008 | 180419b xxu||||| |||| 00| 0 eng d | ||
| 020 | _a052153223x | ||
| 040 | _cDDC | ||
| 082 | _a577.88 NEA 2004; | ||
| 100 |
_aNeal,Dick; _912612 |
||
| 245 | _aIntroduction to Population Biology: | ||
| 260 | _aUK;Cambridge University Press;2004. | ||
| 300 |
_aix,393p; _bill; _c24cm. |
||
| 504 | _aincludes references and index. | ||
| 650 |
_aBiology. _95602 |
||
| 942 |
_2ddc _cO_SHELF |
||
| 999 |
_c6093 _d6093 |
||